<?xml version="1.0" encoding="UTF-8"?>
<record
    xmlns:xsi="http://www.w3.org/2001/XMLSchema-instance"
    xsi:schemaLocation="http://www.loc.gov/MARC21/slim http://www.loc.gov/standards/marcxml/schema/MARC21slim.xsd"
    xmlns="http://www.loc.gov/MARC21/slim">

  <leader>03337nam a2200397   4500</leader>
  <controlfield tag="001">000</controlfield>
  <controlfield tag="005">20140819120204.0</controlfield>
  <controlfield tag="007">000</controlfield>
  <controlfield tag="008">000  </controlfield>
  <datafield tag="010" ind1=" " ind2=" ">
    <subfield code="a">  2008051498</subfield>
  </datafield>
  <datafield tag="015" ind1=" " ind2=" ">
    <subfield code="a">GBA936179</subfield>
    <subfield code="2">bnb</subfield>
  </datafield>
  <datafield tag="016" ind1="7" ind2=" ">
    <subfield code="a">015108931</subfield>
    <subfield code="2">Uk</subfield>
  </datafield>
  <datafield tag="020" ind1=" " ind2=" ">
    <subfield code="a">9780415452205 (hbk)</subfield>
  </datafield>
  <datafield tag="020" ind1=" " ind2=" ">
    <subfield code="a">0415452201 (hbk)</subfield>
  </datafield>
  <datafield tag="020" ind1=" " ind2=" ">
    <subfield code="a">9780415452212 (pbk)</subfield>
  </datafield>
  <datafield tag="020" ind1=" " ind2=" ">
    <subfield code="a">041545221X (pbk)</subfield>
  </datafield>
  <datafield tag="020" ind1=" " ind2=" ">
    <subfield code="a">9780203876503 (ebk)</subfield>
  </datafield>
  <datafield tag="020" ind1=" " ind2=" ">
    <subfield code="a">0203876504 (ebk)</subfield>
  </datafield>
  <datafield tag="035" ind1=" " ind2=" ">
    <subfield code="a">(OCoLC)ocn291453868</subfield>
  </datafield>
  <datafield tag="040" ind1=" " ind2=" ">
    <subfield code="a">UOEL</subfield>
    <subfield code="c">DLC</subfield>
    <subfield code="d">C#P</subfield>
    <subfield code="d">BWX</subfield>
    <subfield code="d">YAM</subfield>
    <subfield code="d">UKM</subfield>
    <subfield code="d">CUT</subfield>
    <subfield code="d">HEBIS</subfield>
    <subfield code="d">BTCTA</subfield>
    <subfield code="d">BAKER</subfield>
    <subfield code="d">YDXCP</subfield>
    <subfield code="d">DLC</subfield>
  </datafield>
  <datafield tag="050" ind1="0" ind2="0">
    <subfield code="a">GN345</subfield>
    <subfield code="b">.E74 2009</subfield>
  </datafield>
  <datafield tag="082" ind1="0" ind2="0">
    <subfield code="a">305.8/00723</subfield>
    <subfield code="2">22</subfield>
  </datafield>
  <datafield tag="245" ind1="0" ind2="0">
    <subfield code="a">Ethnographies revisited :</subfield>
    <subfield code="b">constructing theory in the field /</subfield>
    <subfield code="c">edited by Antony J. Puddephatt, William Shaffir and Steven W. Kleinknecht.</subfield>
  </datafield>
  <datafield tag="260" ind1=" " ind2=" ">
    <subfield code="a">London ;</subfield>
    <subfield code="a">New York :</subfield>
    <subfield code="b">Routledge,</subfield>
    <subfield code="c">2009.</subfield>
  </datafield>
  <datafield tag="300" ind1=" " ind2=" ">
    <subfield code="a">xix, 356 p. ;</subfield>
    <subfield code="c">24 cm.</subfield>
  </datafield>
  <datafield tag="504" ind1=" " ind2=" ">
    <subfield code="a">Includes bibliographical references and index.</subfield>
  </datafield>
  <datafield tag="505" ind1="0" ind2=" ">
    <subfield code="a">Introduction : exercises in reflexivity : situating theory in practice / Antony Puddephatt, William Shaffir and Steven Kleinknecht -- Learning how to speak of sadness / David A. Karp -- Recollecting good and bad days / Kathy Charmaz -- Colorful writing : conducting and living with a tattoo ethnography / Clinton R. Sanders -- Improvising on sensitizing concepts / Robert R. Faulkner -- On developing and using concepts in an Icelandic field-research setting / Will C. Van Den Hoonaard -- Behind the conceptual scene of Student life and exams / Daniel Albas and Cheryl Albas -- How Murray Manor became an ethnography / Jaber F. Gubrium -- Habitus as topic and tool : reflections on becoming a prizefighter / Lo&#xEF;c Wacquant -- Researching alcoholics and alcoholism in American society / Norman K. Denzin -- The development of leisure theory in three nature-challenge hobbies / Robert A. Stebbins -- Telling tales about how concepts develop : stories from ethnographic encounters with the Moog synthesizer / Trevor Pinch -- The ethnography behind Defenders of the faith / Samuel Heilman -- On piecing the puzzle : researching Hassidic Jews / William Shaffir -- Using a gestalt perspective to analyze children's worlds / Patricia A. Adler and Peter Adler -- Hookers, rounders and desk clerks : encountering the reality of the hotel community / Robert Prus -- Making theories from water; or, finding stratification in competitive swimming / Daniel F. Chambliss -- Solving the mysteries of shelter work for the battered woman / Donileen R. Loseke -- The path taken : opportunity, flexibility, and reflexivity in the field / Jennifer L. Dunn -- Walking the talk : doing Gravity's shadow / Harry Collins -- Writing theory in(to) Last writes / Laurel Richardson -- Conceptualizing a profession in process : The new pediatrics revisited / Dorothy Pawluch -- The history, myth, and science of Masada : the making of an historical ethnography / Nachman Ben-Yehuda.</subfield>
  </datafield>
  <datafield tag="650" ind1=" " ind2="0">
    <subfield code="a">Ethnology</subfield>
    <subfield code="x">Research.</subfield>
  </datafield>
  <datafield tag="650" ind1=" " ind2="0">
    <subfield code="a">Ethnology</subfield>
    <subfield code="x">Methodology.</subfield>
  </datafield>
  <datafield tag="700" ind1="1" ind2=" ">
    <subfield code="a">Puddephatt, Antony J.</subfield>
  </datafield>
  <datafield tag="700" ind1="1" ind2=" ">
    <subfield code="a">Shaffir, William.</subfield>
  </datafield>
  <datafield tag="700" ind1="1" ind2=" ">
    <subfield code="a">Kleinknecht, Steven W.</subfield>
    <subfield code="q">(Steven William)</subfield>
  </datafield>
  <datafield tag="906" ind1=" " ind2=" ">
    <subfield code="a">7</subfield>
    <subfield code="b">cbc</subfield>
    <subfield code="c">orignew</subfield>
    <subfield code="d">1</subfield>
    <subfield code="e">ecip</subfield>
    <subfield code="f">20</subfield>
    <subfield code="g">y-gencatlg</subfield>
  </datafield>
  <datafield tag="942" ind1=" " ind2=" ">
    <subfield code="2">lcc</subfield>
    <subfield code="c">LL</subfield>
  </datafield>
  <datafield tag="999" ind1=" " ind2=" ">
    <subfield code="c">415</subfield>
    <subfield code="d">415</subfield>
  </datafield>
  <datafield tag="952" ind1=" " ind2=" ">
    <subfield code="0">0</subfield>
    <subfield code="1">0</subfield>
    <subfield code="2">lcc</subfield>
    <subfield code="4">0</subfield>
    <subfield code="7">0</subfield>
    <subfield code="a">UOE</subfield>
    <subfield code="b">UOE</subfield>
    <subfield code="c">GEN</subfield>
    <subfield code="d">2014-08-19</subfield>
    <subfield code="l">0</subfield>
    <subfield code="o">GN345 .E74 2009</subfield>
    <subfield code="p">20150289</subfield>
    <subfield code="r">2026-04-27 11:28:18</subfield>
    <subfield code="t">20150289</subfield>
    <subfield code="w">2014-08-19</subfield>
    <subfield code="y">LL</subfield>
  </datafield>
  <datafield tag="952" ind1=" " ind2=" ">
    <subfield code="0">0</subfield>
    <subfield code="1">0</subfield>
    <subfield code="2">lcc</subfield>
    <subfield code="4">0</subfield>
    <subfield code="7">0</subfield>
    <subfield code="a">UOE</subfield>
    <subfield code="b">UOE</subfield>
    <subfield code="c">GEN</subfield>
    <subfield code="d">2014-08-19</subfield>
    <subfield code="l">0</subfield>
    <subfield code="o">GN345 .E74 2009</subfield>
    <subfield code="p">20150288</subfield>
    <subfield code="r">2026-04-27 11:28:18</subfield>
    <subfield code="t">20150288</subfield>
    <subfield code="w">2014-08-19</subfield>
    <subfield code="y">LL</subfield>
  </datafield>
  <datafield tag="952" ind1=" " ind2=" ">
    <subfield code="0">0</subfield>
    <subfield code="1">0</subfield>
    <subfield code="2">lcc</subfield>
    <subfield code="4">0</subfield>
    <subfield code="7">0</subfield>
    <subfield code="a">UOE</subfield>
    <subfield code="b">UOE</subfield>
    <subfield code="c">GEN</subfield>
    <subfield code="d">2014-08-19</subfield>
    <subfield code="l">0</subfield>
    <subfield code="o">GN345 .E74 2009</subfield>
    <subfield code="p">20150287</subfield>
    <subfield code="r">2026-04-27 11:28:18</subfield>
    <subfield code="t">20150287</subfield>
    <subfield code="w">2014-08-19</subfield>
    <subfield code="y">LL</subfield>
  </datafield>
</record>
